[Event "28th WSCC Women 65 2018"]
[Site "Bled"]
[Date "2018.11.19"]
[Round "2"]
[White "Serjmyadag, Damdin"]
[Black "Fatalibekova, Elena"]
[Result "0-1"]
[WhiteElo "1864"]
[BlackElo "2161"]
[Annotator "TA"]
[PlyCount "88"]
[EventDate "2018.11.17"]
[EventType "swiss"]
[EventCountry "SLO"]
[SourceTitle "playchess.com"]
[Source "ChessBase"]
[SourceQuality "1"]

{[%evp 14,88,-72,-77,-77,-74,-63,-51,-31,-45,-42,-67,-58,-74,-70,-82,-27,-27,-39,-41,-40,-30,-27,-64,-66,-77,-43,-100,-73,-82,-41,-45,-20,-52,-50,-48,-54,-54,-54,-56,-54,-404,-406,-394,-140,-365,-376,-455,-433,-356,-6,-321,-305,-474,-366,-474,-436,-742,-736,-719,-726,-879,-841,-929,-656,-867,-695,-1714,-1706,-5381,-2334,-5485,-5406,-29975,-29975,-29977,-6499]} 1. e4 Nf6 2. Nc3 d5 3. e5 Nfd7 4. d4 e6 5. Nf3 c5 6. Be3 Nc6 7. Bb5 cxd4 8. Bxd4 Be7 {C11: French: Classical System: 4 e5 and 4 Bg5 dxe4} (8... a6 9. Bxc6 bxc6 10. O-O Be7 11. Be3 c5 12. Bf4 g5 13. Bg3 h5 14. h3 Bb7 15. Re1 Qc7 16. Nd2 {0-1 (38) Maschanska (2415)-Averell (2454) playchess.com INT 2008}) 9. O-O O-O 10. Re1 Nxd4 {Black is slightly better.} 11. Nxd4 $146 ({Predecessor:} 11. Qxd4 Bc5 12. Qg4 f5 13. Qg5 Qb6 14. Qd2 d4 15. Nd5 exd5 16. Bxd7 Bxd7 {0-1 (40) Worm,A (1846)-Stiemerling,W (2203) Rostock 2010}) 11... Qb6 12. Na4 Qc7 13. f4 a6 14. Bd3 h6 (14... Nc5 $17 15. Nxc5 Bxc5) 15. Kh1 $11 b5 {[%cal Bb7b5,Bb5b4][%mdl 32]} 16. Nc3 Nc5 17. a3 Nxd3 18. cxd3 Qb6 19. Nf3 b4 20. Ne2 ({Better is} 20. axb4 $15 Bxb4 21. d4) 20... Bd7 21. a4 Rfc8 22. b3 Rc7 23. Rc1 Rac8 $36 {[%mdl 2048] Black is pushing.} 24. Qd2 Qf2 25. Rxc7 Rxc7 26. d4 a5 27. Rc1 $2 {[%mdl 8192]} (27. Qd3 $15) 27... Rxc1+ $19 28. Nxc1 Qf1+ 29. Ng1 {[#]} Bc8 $1 30. h3 Ba6 31. Kh2 g5 $2 ({Black should play} 31... Bh4 $19 32. Nge2 Bf2) 32. g3 $2 {[%mdl 8192]} (32. Nf3 $11) 32... Kg7 33. Nce2 (33. Qe3 $142) 33... Qf2+ 34. Kh1 Bxe2 35. Nxe2 (35. Qxe2 $142 Qxg3 36. f5 exf5 37. Qb5) 35... Qf3+ 36. Kh2 Qxb3 37. g4 Qf3 {[#] aiming for ...Qf2+.} 38. f5 exf5 {And now ...Qf2+ would win.} 39. gxf5 {Now f6+ and White clings on.} Qxf5 40. Ng3 Qf3 41. Qc2 b3 42. Nf5+ Kh7 43. Qb1 Qf2+ 44. Kh1 Qc2 {Accuracy: White = 37%, Black = 64%.} 0-1

[Event "28th WSCC Women 65 2018"]
[Site "Bled"]
[Date "2018.11.19"]
[Round "2"]
[White "Norman, Dinah M"]
[Black "Kozlovskaya, Valentina"]
[Result "0-1"]
[WhiteElo "1659"]
[BlackElo "2154"]
[Annotator "RC"]
[PlyCount "74"]
[EventDate "2018.11.17"]
[EventType "swiss"]
[EventCountry "SLO"]
[SourceTitle "playchess.com"]
[Source "ChessBase"]
[SourceQuality "1"]
[TimeControl "40/5400+30:1800+30"]

1. d4 {[%emt 0:00:00]} d6 {[%emt 0:00:00]} 2. Nf3 {[%emt 0:01:00]} g6 {[%emt 0:00:49]} 3. Bf4 {[%emt 0:01:34]} Bg7 {[%emt 0:00:11]} 4. e3 {[%emt 0:00:53]} Nf6 {[%emt 0:01:34]} 5. h3 {[%emt 0:01:51]} O-O {[%emt 0:00:13]} 6. Nbd2 {[%emt 0:01:27]} c6 {[%emt 0:00:24]} 7. c3 {[%emt 0:02:15]} Nbd7 {[%emt 0:00:34]} 8. Bc4 {[%emt 0:05:55]} h6 {[%emt 0:02:36]} 9. O-O {[%emt 0:01:41]} Nh7 {[%emt 0:05:16]} 10. a4 {[%emt 0:03:56]} e5 {[%emt 0:04:42]} 11. Bh2 {[%emt 0:01:52]} e4 {[%emt 0:07:31]} 12. Ne1 {[%emt 0:01:15]} Qe7 {[%emt 0:02:17]} 13. a5 {[%emt 0:03:18]} h5 {[%emt 0:17:55]} 14. Nc2 {[%emt 0:02:08]} d5 {[%emt 0:03:03]} 15. Be2 {[%emt 0:01:19]} Bh6 {[%emt 0:05:43]} 16. Re1 {[%emt 0:03:03]} f5 {[%emt 0:01:02]} 17. Bf1 {[%emt 0:02:16]} Rf7 {[%emt 0:02:42]} 18. Qe2 {[%emt 0:06:07]} Ndf8 {[%emt 0:00:32]} 19. Nb4 {[%emt 0:03:35]} Bd7 {[%emt 0:00:14]} 20. Nc2 {[%emt 0:01:55]} Ne6 {[%emt 0:00:32]} 21. b4 {[%emt 0:04:23]} a6 {[%emt 0:00:27]} 22. g3 {[%emt 0:10:37]} Raf8 {[%emt 0:03:05]} 23. Bg2 {[%emt 0:01:21]} Ng7 {[%emt 0:00:30]} 24. Rf1 {[%emt 0:02:51]} h4 {[%emt 0:03:27]} 25. c4 {[%emt 0:05:52]} g5 {[%emt 0:02:32]} 26. c5 {[%emt 0:02:03]} f4 {[%emt 0:04:57]} 27. exf4 {[%emt 0:02:43]} gxf4 {[%emt 0:00:05]} 28. gxf4 {[%emt 0:01:47]} Bxf4 {[%emt 0:02:09]} 29. Bxf4 {[%emt 0:02:05]} Rxf4 {[%emt 0:00:02]} 30. Ne3 {[%emt 0:02:30]} Ng5 {[%emt 0:02:12]} 31. Kh2 {[%emt 0:02:07]} Be6 {[%emt 0:03:23]} 32. Ng4 {[%emt 0:04:53]} Bxg4 {[%emt 0:01:03]} 33. hxg4 {[%emt 0:00:24]} Qc7 {[%emt 0:01:51]} 34. Kg1 {[%emt 0:02:02]} h3 {[%emt 0:00:51]} 35. Bh1 {[%emt 0:00:34]} h2+ {[%emt 0:02:37]} 36. Kg2 {[%emt 0:00:28]} Nf3 {[%emt 0:01:02]} 37. Kh3 {[%emt 0:02:55]} Ng1+ {[%emt 0:04:16]} 0-1

[Event "28th WSCC Women 65 2018"]
[Site "Bled"]
[Date "2018.11.20"]
[Round "3"]
[White "Fatalibekova, Elena"]
[Black "Sorokina, Tamara"]
[Result "1/2-1/2"]
[WhiteElo "2161"]
[BlackElo "2058"]
[Annotator "TA"]
[PlyCount "41"]
[EventDate "2018.11.17"]
[EventType "swiss"]
[EventCountry "SLO"]
[SourceTitle "playchess.com"]
[Source "ChessBase"]
[SourceQuality "1"]

{[%evp 10,41,65,46,89,85,102,103,131,120,137,79,104,56,54,40,17,12,13,14,15,13,12,13,26,0,1,6,8,21,30,0,0,-23]} 1. e4 c5 2. Nf3 e6 3. d4 cxd4 4. Nxd4 a6 5. Nc3 Ne7 6. Be3 {LiveBook: 21 Games. B43: Sicilian: Kan Variation: 5 Nc3} (6. Be2 Nec6 7. Be3 d6 8. O-O Be7 9. f4 O-O 10. Bf3 Nd7 11. Qd2 Nxd4 12. Bxd4 e5 13. Be3 exf4 14. Bxf4 {1-0 (81) Munguntuul,B (2397)-Lopez Martinez,J (2598) Sitges 2017}) 6... Ng6 7. Qd2 Bb4 $146 ({Predecessor:} 7... Be7 8. O-O-O b5 9. f3 b4 10. Na4 Qa5 11. b3 O-O 12. f4 Bb7 13. Bd3 {1-0 (25) Heidrich,M (1941)-Csendes,S Eger 2009}) 8. a3 {White is better.} Be7 9. f4 Nc6 10. Nxc6 ({White should play} 10. O-O-O) 10... bxc6 $16 11. Na4 {[#] And now Bb6 would win.} d6 12. Be2 O-O 13. O-O c5 14. c4 Rb8 15. Rab1 Bb7 16. Nc3 Qc7 17. g3 Rfd8 18. Bf3 Bf8 19. Bg2 Ne7 20. f5 Nc6 21. f6 {Accuracy: White = 42%, Black = 76%.} 1/2-1/2

[Event "28th WSCC Women 65 2018"]
[Site "Bled"]
[Date "2018.11.20"]
[Round "3"]
[White "Kozlovskaya, Valentina"]
[Black "Titorenko, Natalia I"]
[Result "1-0"]
[WhiteElo "2154"]
[BlackElo "2158"]
[Annotator "TA"]
[PlyCount "97"]
[EventDate "2018.11.17"]
[EventType "swiss"]
[EventCountry "SLO"]
[SourceTitle "playchess.com"]
[Source "ChessBase"]
[SourceQuality "1"]

{[%evp 16,97,-7,-3,0,0,14,4,29,-4,43,42,41,37,33,25,46,22,23,52,139,108,116,87,133,126,130,120,131,82,66,76,113,88,168,154,179,168,192,111,125,98,230,222,320,267,316,275,285,82,106,147,113,0,36,41,34,0,114,-35,-45,-22,440,442,410,422,909,59,154,127,127,110,85,87,29986,29987,29987,29988,29991,29984,29984,29981,29993,29983]} 1. c4 Nf6 2. Nc3 g6 3. g3 Bg7 4. Bg2 c5 5. Nf3 O-O 6. O-O Nc6 7. d3 Rb8 8. h3 d6 9. Be3 e5 {A38: Symmetrical English vs ...g6: 4 Bg2 Bg7 5 Nf3 Nf6} (9... a6 10. a4 Ne8 11. d4 cxd4 12. Nxd4 Ne5 13. b3 Nc7 14. Qc2 Ne6 15. Rad1 Bd7 16. f4 Nc6 17. Nxc6 Bxc6 {0-1 (47) Reza,W (2283)-Kuzmicz,K (2460) Zgierz 2018}) 10. Qd2 Re8 11. Bg5 Be6 $146 {The position is equal.} ({Predecessor:} 11... Ne7 12. e4 Be6 13. Kh2 Nd7 14. Ng1 a6 15. Nge2 b5 16. b3 Qc7 17. Nd5 Bxd5 18. cxd5 {1-0 (32) Belak,S (2001)-Gasa,P (1906) Slovakia 2013}) 12. Ne1 Qd7 13. Nd5 $1 {[%cal Rd5f6]} Bxd5 14. cxd5 Nd4 15. e3 Nf5 16. g4 Ne7 17. e4 Kf8 (17... h5 $14) 18. Be3 Nc8 19. Rc1 Qc7 20. b4 {[%cal Rb4c5]} b6 21. Bf3 {[%cal Bg2f3,Bf3g4,Bg4e6][%mdl 32]} Qb7 22. b5 a6 23. a4 {[%cal Ba2a4,Ba4b5][%mdl 32]} Ra8 24. g5 Ng8 (24... Nd7 $16) 25. Bg4 $18 axb5 26. axb5 Ra5 27. f4 ({White should try} 27. Ng2 $18) 27... exf4 28. Rxf4 Be5 (28... h5 $16 {was necessary.}) 29. Rf3 {Strongly threatening Be6.} Rxb5 (29... Kg7 $142 30. Rf2 Rxb5) 30. Be6 Re7 31. d4 Bg7 {[#] and the idea ...Ke8 leaves Black hopeful.} 32. Nd3 $2 (32. e5 $1 $18 {[%mdl 512] is more deadly.}) 32... Ke8 $16 33. Bxc8 $1 Qxc8 34. Nf2 (34. Qc2 $16) 34... Qa6 35. e5 $36 {[%mdl 2048] Threatens to win with Ne4. Black is under pressure.} cxd4 36. Qxd4 Bxe5 (36... Rxe5 $11 {keeps the balance.} 37. Qf4 (37. Ng4 Rbxd5 38. Qxb6 Qxb6 $11) 37... Rf5 38. Qxd6 Rbxd5 39. Qc6+ Rd7) 37. Qg4 ({White should play} 37. Qc4 $16) 37... Kf8 $15 38. Nd3 Kg7 $2 {[%mdl 8192]} (38... Qb7 $11 {and Black stays safe.}) 39. Nxe5 $18 dxe5 40. d6 Ra7 (40... Qb7 $142 41. dxe7 Nxe7) 41. Qc4 $2 (41. d7 $18 Rd5 {[#]} 42. Rxf7+ $1 {[%mdl 512]} Kh8 43. Rc8 Qa1+ 44. Rf1 Rdxd7 45. Rxa1 Rxa1+ 46. Kh2) 41... Qb7 ({Better is} 41... Ra5 $14) 42. Qxb5 Qxf3 43. Qxe5+ f6 44. gxf6+ Nxf6 $2 {[%mdl 8192]} (44... Qxf6 $16 45. Qd5 Qh4 46. Bd4+ (46. Bxb6 Qg3+ 47. Qg2 Qxg2+ 48. Kxg2 Rd7 $14) 46... Kh6) 45. Rf1 {White mates.} Qxf1+ 46. Kxf1 Rf7 47. Kg1 h6 48. Bd4 g5 49. Qxf6+ {[%mdl 64] Promotion. Accuracy: White = 51%, Black = 22%.} 1-0

[Event "28th WSCC Women 65 2018"]
[Site "Bled"]
[Date "2018.11.20"]
[Round "3"]
[White "Khmiadashvili, Tamar"]
[Black "Gaprindashvili, Nona"]
[Result "1/2-1/2"]
[WhiteElo "2010"]
[BlackElo "2301"]
[Annotator "TA"]
[PlyCount "32"]
[EventDate "2018.11.17"]
[EventType "swiss"]
[EventCountry "SLO"]
[SourceTitle "playchess.com"]
[Source "ChessBase"]
[SourceQuality "1"]

{[%evp 15,32,24,24,-11,-3,-11,42,42,64,69,72,38,58,49,40,53,83,85,82]} 1. e4 c6 2. Nf3 g6 (2... d5 3. Nc3 dxe4 4. Nxe4 Nf6 5. Qe2 Bg4 6. h3 Bh5 7. Nxf6+ gxf6 8. g3 e6 9. Bg2 Na6 10. d3 Bd6 11. O-O Nc7 12. c4 Qd7 13. b3 {1-0 (51) Vachier Lagrave,M (2780)-Shimanov,A (2626) chess.com INT 2018}) 3. c3 d5 4. exd5 cxd5 5. d4 Nc6 6. Bf4 {B10: Caro-Kann: 2 d3 and 2 c4} Bg7 7. Nbd2 Nf6 8. h3 O-O {LiveBook: 16 Games} 9. Ne5 Qb6 $146 ({Predecessor:} 9... Nd7 10. Nxd7 Qxd7 11. Be2 f6 12. Bg3 e5 13. dxe5 fxe5 {½-½ (57) Kosic,B (2169)-Boreika,V (2275) ICCF email 2011}) 10. Qb3 Qxb3 (10... Nh5 $11 11. Bh2 Nxe5 12. dxe5 Bh6) 11. axb3 $14 Nd7 {[%cal Rc6e5]} 12. Nxc6 bxc6 13. Be3 Re8 14. f4 f6 15. Kf2 a6 16. b4 e5 1/2-1/2

[Event "28th WSCC Women 65 2018"]
[Site "Bled"]
[Date "2018.11.20"]
[Round "3"]
[White "Tsifanskaya, Ludmila A"]
[Black "Dotan, Valeria"]
[Result "1/2-1/2"]
[WhiteElo "1996"]
[BlackElo "1883"]
[Annotator "NA RC"]
[PlyCount "71"]
[EventDate "2018.11.17"]
[EventType "swiss"]
[EventCountry "SLO"]
[SourceTitle "playchess.com"]
[Source "ChessBase"]
[SourceQuality "1"]
[TimeControl "40/5400+30:1800+30"]

1. e4 {[%emt 0:00:00]} c5 {[%emt 0:00:22]} 2. Nf3 {[%emt 0:00:34]} e6 {[%emt 0:00:12]} 3. d3 {[%emt 0:01:18]} Nc6 {[%emt 0:02:17]} 4. g3 {[%emt 0:00:13]} d6 {[%emt 0:01:35]} 5. Bg2 {[%emt 0:00:17]} Nge7 {[%emt 0:01:40]} 6. O-O {[%emt 0:01:09]} g6 {[%emt 0:00:36]} 7. c3 {[%emt 0:06:09]} Bg7 {[%emt 0:01:52]} 8. Be3 {[%emt 0:01:32]} O-O {[%emt 0:01:12] LiveBook: 44 Games} 9. Qd2 {[%emt 0:01:13]} Re8 {[%emt 0:02:33] A04: Unusual lines after 1 Nf3 and King's Indian Attack} (9... e5 10. Bh6 Bxh6 11. Qxh6 f6 12. Na3 Be6 13. Rfd1 Qb6 14. Bh3 Bf7 15. Nc4 Qc7 16. Ne3 Kh8 17. Bg4 {0-1 (27) Rathnakaran,K (2417)-Nguyen Huynh Minh,H (2496) Al Ain 2015}) 10. Na3 {[%emt 0:04:17]} Rb8 {[%emt 0:02:40]} 11. d4 {[%emt 0:03:10]} cxd4 {[%emt 0:02:50]} 12. Nxd4 {[%emt 0:00:32]} a6 {[%emt 0:14:46]} 13. Rad1 $146 {[%emt 0:09:52]} ({Predecessor:} 13. Rfd1 d5 14. h3 dxe4 15. Nxc6 Nxc6 16. Qxd8 Rxd8 17. Bxe4 {1-0 (54) Habibi,A (2280)-Balogh,V (2237) Hungary 2008}) 13... d5 {[%emt 0:05:04]} 14. exd5 {[%emt 0:08:26]} exd5 {[%emt 0:00:55]} 15. Bf4 {[%emt 0:02:45]} Ra8 {[%emt 0:00:22]} 16. Nac2 {[%emt 0:00:45]} Bg4 {[%emt 0:01:38]} 17. Rde1 {[%emt 0:06:50]} Nxd4 {[%emt 0:01:08]} 18. Nxd4 {[%emt 0:00:20]} Qd7 {[%emt 0:00:08]} 19. Be5 {[%emt 0:08:43]} Bh3 {[%emt 0:12:44]} 20. Bxg7 {[%emt 0:02:40]} Kxg7 {[%emt 0:00:26]} 21. Nf3 {[%emt 0:08:12]} Bxg2 {[%emt 0:01:10]} 22. Kxg2 {[%emt 0:00:01]} Nc6 {[%emt 0:08:46]} 23. Rxe8 {[%emt 0:01:35]} Rxe8 {[%emt 0:00:08]} 24. Rd1 {[%emt 0:00:25]} Rd8 {[%emt 0:00:22]} 25. Qf4 {[%emt 0:01:28]} Qd6 {[%emt 0:04:38]} 26. Qxd6 {[%emt 0:01:08]} Rxd6 {[%emt 0:00:02]} 27. a4 {[%emt 0:00:39]} a5 {[%emt 0:05:49]} 28. Nd4 {[%emt 0:02:05]} Nxd4 {[%emt 0:05:13]} 29. Rxd4 {[%emt 0:00:07]} Kf6 {[%emt 0:00:04]} 30. Kf3 {[%emt 0:01:39]} Ke5 {[%emt 0:01:37]} 31. Ke3 {[%emt 0:00:26]} f5 {[%emt 0:02:09]} 32. f4+ {[%emt 0:02:39]} Ke6 {[%emt 0:00:50]} 33. Rd2 {[%emt 0:00:19]} Rc6 {[%emt 0:00:38]} 34. Kd3 {[%emt 0:00:09]} Rc4 {[%emt 0:00:41]} 35. b3 {[%emt 0:02:49]} Re4 $11 {[%emt 0:00:07]} 36. Rb2 {[%emt 0:07:05]} 1/2-1/2

[Event "28th WSCC Women 65 2018"]
[Site "Bled"]
[Date "2018.11.20"]
[Round "3"]
[White "Milashevskaja, Valentina"]
[Black "Serjmyadag, Damdin"]
[Result "0-1"]
[WhiteElo "1731"]
[BlackElo "1864"]
[Annotator "NA RC"]
[PlyCount "82"]
[EventDate "2018.11.17"]
[EventType "swiss"]
[EventCountry "SLO"]
[SourceTitle "playchess.com"]
[Source "ChessBase"]
[SourceQuality "1"]
[TimeControl "40/5400+30:1800+30"]

1. Nf3 {[%emt 0:00:00]} f5 {[%emt 0:00:08]} 2. d4 {[%emt 0:00:13]} g6 {[%emt 0:00:37]} 3. g3 {[%emt 0:00:08]} Bg7 {[%emt 0:00:10]} 4. Bg2 {[%emt 0:00:07]} Nf6 {[%emt 0:00:14]} 5. O-O {[%emt 0:06:05]} d6 {[%emt 0:00:52]} 6. c4 {[%emt 0:02:55]} O-O {[%emt 0:00:53]} 7. Nc3 {[%emt 0:01:12] LiveBook: 6695 Games} e6 {[%emt 0:02:40]} 8. Qb3 {[%emt 0:03:27] A87: Dutch Defence: Leningrad System: 5 Nf3} (8. Rb1 a5 9. b3 Nc6 10. d5 Nb4 11. dxe6 Bxe6 12. Nd4 Bc8 13. Bb2 c6 14. e3 Qe7 15. a3 Na6 {½-½ (41) Shankland,S (2666)-Li,R (2577) Saint Louis 2017}) 8... Nc6 {[%emt 0:02:10]} 9. Qd1 $146 {[%emt 0:02:39]} ({Predecessor:} 9. d5 Nb8 10. dxe6 Na6 11. Be3 Ng4 12. c5 Kh8 13. Bg5 Bf6 14. Bxf6+ Qxf6 15. cxd6 cxd6 {1-0 (36) Kiewra,K (2425)-Rozman,L (2254) Chicago 2016}) 9... a6 {[%emt 0:07:19]} 10. a3 {[%emt 0:00:29]} Rb8 {[%emt 0:01:05]} 11. Qd3 {[%emt 0:09:07]} e5 {[%emt 0:03:19]} 12. dxe5 {[%emt 0:01:14]} dxe5 {[%emt 0:00:19]} 13. Qxd8 {[%emt 0:00:23]} Rxd8 {[%emt 0:00:17]} 14. Bg5 {[%emt 0:01:57]} Be6 {[%emt 0:03:57]} 15. c5 {[%emt 0:05:36]} e4 {[%emt 0:03:31]} 16. Nh4 {[%emt 0:01:08]} Rd7 {[%emt 0:08:50]} 17. Rad1 {[%emt 0:00:35]} Rbd8 {[%emt 0:00:58]} 18. Bh1 {[%emt 0:11:32]} Nd4 {[%emt 0:05:00]} 19. Kg2 {[%emt 0:07:23]} Bc4 {[%emt 0:01:49]} 20. Rc1 {[%emt 0:06:09]} Nxe2 {[%emt 0:02:38]} 21. Nxe2 {[%emt 0:00:20]} Bxe2 {[%emt 0:00:14]} 22. Rfe1 {[%emt 0:00:12]} Bb5 {[%emt 0:02:39]} 23. Kh3 {[%emt 0:02:17]} Bc6 {[%emt 0:01:56]} 24. f3 {[%emt 0:03:36]} Re8 {[%emt 0:01:29]} 25. Rc2 {[%emt 0:06:03]} Kf7 {[%emt 0:05:30]} 26. fxe4 {[%emt 0:00:32]} Nxe4 {[%emt 0:00:56]} 27. Bc1 {[%emt 0:01:11]} Nf2+ {[%emt 0:05:27]} 28. Rxf2 {[%emt 0:00:09]} Rxe1 {[%emt 0:00:08]} 29. Bxc6 {[%emt 0:00:28]} bxc6 {[%emt 0:00:10]} 30. Rc2 {[%emt 0:00:26]} Rdd1 {[%emt 0:07:29]} 31. Bf4 {[%emt 0:02:21]} Rd7 {[%emt 0:00:26]} 32. Nf3 {[%emt 0:00:12]} Re8 {[%emt 0:01:25]} 33. Kg2 {[%emt 0:00:50]} h6 {[%emt 0:00:27]} 34. h3 {[%emt 0:03:56]} g5 {[%emt 0:01:28]} 35. Bc1 {[%emt 0:00:15]} Rde7 {[%emt 0:02:59]} 36. Kf2 {[%emt 0:00:14]} (36. Rf2 $142) 36... g4 {[%emt 0:03:20]} 37. hxg4 {[%emt 0:04:08]} fxg4 {[%emt 0:00:04]} 38. Nh4 $19 {[%emt 0:00:16]} Bd4+ {[%emt 0:00:33]} 39. Kf1 {[%emt 0:05:42]} Re1+ {[%emt 0:01:35]} 40. Kg2 {[%emt 0:00:00]} Rg1+ {[%emt 0:00:00]} 41. Kh2 {[%emt 0:00:46]} Ree1 {[%emt 0:03:57]} 0-1

[Event "28th WSCC Women 65 2018"]
[Site "Bled"]
[Date "2018.11.21"]
[Round "4"]
[White "Gaprindashvili, Nona"]
[Black "Fatalibekova, Elena"]
[Result "1/2-1/2"]
[WhiteElo "2301"]
[BlackElo "2161"]
[Annotator "TA"]
[PlyCount "53"]
[EventDate "2018.11.17"]
[EventType "swiss"]
[EventCountry "SLO"]
[SourceTitle "playchess.com"]
[Source "ChessBase"]
[SourceQuality "1"]

{[%evp 10,53,12,6,6,8,19,-9,-14,-22,2,0,0,27,19,-2,0,-4,0,-12,0,-38,-4,-28,-9,-17,0,-25,-5,0,0,-21,-23,-25,-15,-21,-22,-20,0,-101,-27,-63,-11,-46,-7,-47]} 1. d4 Nf6 2. c4 e6 3. Nc3 Bb4 4. g3 O-O 5. Bg2 Bxc3+ 6. bxc3 d6 {E20: Nimzo-Indian: 4 g3 and 4 f3} 7. Nf3 Nc6 8. Ba3 Re8 9. c5 $146 ({Predecessor:} 9. O-O e5 10. dxe5 dxe5 11. Qb3 Na5 12. Qb4 c5 13. Qxc5 b6 14. Qb4 {½-½ (22) Jianu,V (2532)-Banzea,A (2325) Olanesti 2018}) 9... d5 10. O-O b6 11. c4 Bb7 12. cxd5 exd5 13. Rc1 Ne4 14. Rc2 f6 15. Qc1 Na5 16. Ne1 c6 17. Nd3 Nc4 18. Bb4 a5 19. Be1 b5 20. f3 Ng5 21. Bf2 Bc8 22. g4 Ra7 23. Re1 Rae7 24. e3 {[#]} (24. h4 $11 Nf7 25. Nf4) 24... Ne6 ({Black should play} 24... h5 $1 $17 {[%cal Rh5g4][%mdl 512]} 25. h3 (25. gxh5 Bf5 $17) 25... hxg4 26. hxg4 f5) 25. Qa1 Rd7 (25... b4 $15) 26. Rce2 Nc7 27. Nb2 {Accuracy: White = 29%, Black = 44%.} 1/2-1/2

[Event "28th WSCC Women 65 2018"]
[Site "Bled"]
[Date "2018.11.21"]
[Round "4"]
[White "Titorenko, Natalia I"]
[Black "Tsifanskaya, Ludmila A"]
[Result "1/2-1/2"]
[WhiteElo "2158"]
[BlackElo "1996"]
[Annotator "TA"]
[PlyCount "70"]
[EventDate "2018.11.17"]
[EventType "swiss"]
[EventCountry "SLO"]
[SourceTitle "playchess.com"]
[Source "ChessBase"]
[SourceQuality "1"]

{[%evp 27,70,-10,-17,-31,-29,-66,-45,-61,-28,-134,-124,-181,-173,-151,-28,-20,-15,-8,-4,-12,0,0,0,0,0,0,0,0,0,-15,-8,-18,0,0,0,0,0,0,38,0,8,0,0,0,0]} 1. e4 c5 2. Nf3 Nc6 3. Nc3 g6 4. d4 cxd4 5. Nxd4 Bg7 6. Be3 Nf6 7. Bc4 O-O 8. Bb3 d6 9. f3 Bd7 10. Qd2 Nxd4 11. Bxd4 b5 {[%cal Bb7b5,Bb5b4][%mdl 32]} 12. O-O-O a5 13. e5 {B77: Sicilian Dragon: Yugoslav Attack, 9 Bc4 sidelines} dxe5 14. Bxe5 Bc6 {LiveBook: 14 Games} (14... a4 15. Bd5 Rc8 16. a3 Qb6 17. Qd4 Qxd4 18. Rxd4 Rc5 19. f4 Rfc8 20. Bb7 R8c7 21. Bxc7 Rxc7 {1-0 (41) Gelfand,B (2700)-Van Wely,L (2668) Monte Carlo 2003}) 15. Qe3 Qc8 16. Bd5 $146 b4 17. Bxf6 $1 Bxf6 18. Ne4 (18. Bxc6 $11 bxc3 19. Bxa8 cxb2+ 20. Kb1 Qxa8 21. Rd7) 18... Bg7 $17 19. Qc5 (19. Kb1 $17 {keeps fighting.}) 19... Bxd5 $19 20. Rxd5 {[#]} Qxc5 (20... Qe6 $1 $17 {Hoping for ...Rfc8.} 21. Kb1 a4) 21. Nxc5 $11 a4 {And now ...Rfc8 would win.} 22. Rhd1 Rfc8 {Threatens to win with ...e6.} 23. Nb7 $1 Bf6 24. Rd8+ Kg7 25. Rxc8 Rxc8 {[%mdl 4096] Endgame KRB-KRN} 26. Rd5 a3 27. bxa3 bxa3 28. Na5 e6 29. Rd3 Bb2+ 30. Kd2 Rc5 31. Nb3 Rh5 32. h3 Rh4 33. c3 e5 {The position is equal.} 34. Kc2 Rc4 35. Nd2 Rc7 {Accuracy: White = 47%, Black = 48%.} 1/2-1/2

[Event "28th WSCC Women 65 2018"]
[Site "Bled"]
[Date "2018.11.21"]
[Round "4"]
[White "Sorokina, Tamara"]
[Black "Kozlovskaya, Valentina"]
[Result "1/2-1/2"]
[WhiteElo "2058"]
[BlackElo "2154"]
[Annotator "TA"]
[PlyCount "63"]
[EventDate "2018.11.17"]
[EventType "swiss"]
[EventCountry "SLO"]
[SourceTitle "playchess.com"]
[Source "ChessBase"]
[SourceQuality "1"]

{[%evp 16,63,-27,-27,-18,-20,0,-37,19,24,13,23,27,22,42,42,54,48,57,37,60,62,75,68,91,53,75,76,90,69,78,73,100,95,97,81,91,88,75,0,0,0,0,0,43,0,0,0,0,0]} 1. Nf3 c5 2. c4 g6 3. g3 Bg7 4. Bg2 Nc6 5. O-O e6 6. d3 Nge7 7. a3 {A30: Symmetrical English: Double Fianchetto and Hedgehog} (7. Nc3 O-O 8. Bd2 d5 9. Qc1 b6 10. Bh6 d4 11. Bxg7 Kxg7 12. Nb1 Qd6 13. Qf4 Qxf4 14. gxf4 Rb8 15. Na3 Bd7 16. Rfc1 Nf5 17. Nc2 {0-1 (29) Telljohann,S (2407)-Huschenbeth,N (2585) Apolda 2017}) 7... O-O 8. Nbd2 d6 9. Rb1 {LiveBook: 3 Games. Black has an edge.} a5 10. b3 h6 $146 ({Predecessor:} 10... e5 11. Bb2 h6 {½-½ (37) Grainger,B-Bauder,H (2005) Caleta 2011}) 11. Ne1 f5 (11... Rb8 $15) 12. Nc2 $11 g5 13. b4 axb4 14. axb4 cxb4 15. Nxb4 Nxb4 16. Rxb4 Nc6 17. Rb1 e5 18. Bb2 Qe7 19. Bc3 g4 20. Qb3 Kh8 21. e3 h5 22. Qb2 h4 23. Rfe1 hxg3 24. hxg3 Nd8 {[%cal Bc6d8,Bd8e6,Be6g5][%mdl 32]} 25. Ra1 Rxa1 26. Rxa1 Ne6 27. d4 ({White should try} 27. Bd5 $16) 27... exd4 $1 28. exd4 Ng5 29. d5 Re8 30. Bxg7+ Qxg7 31. Qxg7+ Kxg7 32. Kf1 {Accuracy: White = 64%, Black = 41%.} 1/2-1/2